[Event "Outaouais-ch"]
[Site "Gatineau CAN"]
[Date "2014.05.06"]
[Round "4"]
[White "Groleau, Gilles"]
[Black "Gagnon, Fabien"]
[Result "1/2-1/2"]
[WhiteElo "1947"]
[BlackElo "1949"]
[PlyCount "89"]
[EventDate "2014.04.15"]
[EventType "swiss"]
[EventRounds "6"]
[EventCountry "CAN"]

1. e4 e5 2. Nf3 Nc6 3. Bb5 Nf6 4. d3 Bc5 5. O-O Qe7 6. Nc3 h6 7. Nd5 Qd6 8. c4
O-O 9. a3 Nxd5 10. exd5 Nd4 11. b4 Nxf3+ 12. Qxf3 Bd4 13. Rb1 c6 14. c5 Qxd5
15. Qxd5 cxd5 16. Be3 Bxe3 17. fxe3 Rb8 18. e4 d4 19. Bc4 b6 20. Rxf7 Rxf7 21.
Rf1 bxc5 22. bxc5 Ba6 23. Bxf7+ Kh7 24. Rf3 Rc8 25. h4 Rxc5 26. h5 Rc8 27. Bg6+
Kg8 28. Kh2 Bb5 29. Bf7+ Kh8 30. Bg6 a6 31. Kg3 Kg8 32. Bf7+ Kh8 33. Bg6 d6 34.
Kh4 a5 35. g4 a4 36. g5 hxg5+ 37. Kxg5 Bd7 38. h6 gxh6+ 39. Kxh6 Rg8 40. Rf7
Rd8 41. Rh7+ Kg8 42. Rg7+ Kf8 43. Rf7+ Kg8 44. Rg7+ Kf8 45. Rf7+ 1/2-1/2

[Event "Outaouais-ch"]
[Site "Gatineau CAN"]
[Date "2014.05.13"]
[Round "5"]
[White "Groleau, Gilles"]
[Black "Rose, Richard"]
[Result "0-1"]
[WhiteElo "1947"]
[BlackElo "1913"]
[PlyCount "78"]
[EventDate "2014.04.15"]
[EventType "swiss"]
[EventRounds "6"]
[EventCountry "CAN"]

1. e4 c5 2. Nc3 Nc6 3. f4 g6 4. Nf3 Bg7 5. Bb5 Nd4 6. Bd3 d6 7. Nxd4 cxd4 8.
Ne2 e5 9. O-O Nf6 10. c3 O-O 11. cxd4 exd4 12. Qa4 Nd7 13. b4 a6 14. Bb2 b5 15.
Qd1 Qb6 16. Kh1 Bb7 17. f5 Be5 18. Qe1 Nf6 19. Qh4 Kg7 20. Rf3 a5 21. bxa5 Rxa5
22. fxg6 fxg6 23. Qf2 Ng4 24. Qh4 Nf6 25. Nf4 Bxf4 26. Qxf4 Raa8 27. Rh3 Qc5
28. Qh6+ Kf7 29. Rc1 Qb6 30. Rf3 Kg8 31. Qh4 Nd7 32. Rh3 Rf7 33. Qg5 Ne5 34.
Bb1 Raf8 35. Kg1 Nc4 36. Ba1 d3+ 37. Re3 Bxe4 38. Bxd3 Nxe3 39. dxe3 Bxd3 0-1

[Event "Outaouais-ch"]
[Site "Gatineau CAN"]
[Date "2014.05.16"]
[Round "6"]
[White "Desjardins, Michel"]
[Black "Groleau, Gilles"]
[Result "1/2-1/2"]
[WhiteElo "1955"]
[BlackElo "1947"]
[PlyCount "31"]
[EventDate "2014.04.15"]
[EventType "swiss"]
[EventRounds "6"]
[EventCountry "CAN"]

1. b3 d5 2. e3 Nf6 3. Bb2 Bg4 4. Nf3 e6 5. h3 Bh5 6. g4 Bg6 7. d3 Bb4+ 8. Nbd2
O-O 9. Ne5 Nbd7 10. Nxg6 fxg6 11. Bg2 Qe7 12. a3 Bd6 13. Qe2 c6 14. O-O Rae8
15. e4 e5 16. b4 1/2-1/2

[Event "Outaouais-ch"]
[Site "Gatineau CAN"]
[Date "2014.05.16"]
[Round "6"]
[White "Rose, Richard"]
[Black "Gagnon, Fabien"]
[Result "1/2-1/2"]
[WhiteElo "1913"]
[BlackElo "1949"]
[PlyCount "103"]
[EventDate "2014.04.15"]
[EventType "swiss"]
[EventRounds "6"]
[EventCountry "CAN"]

1. e4 e6 2. Nf3 d5 3. exd5 exd5 4. d4 Bd6 5. Bd3 Nc6 6. Bg5 f6 7. Be3 Nge7 8.
c4 dxc4 9. Bxc4 Bb4+ 10. Nc3 Nd5 11. Qd3 Be6 12. O-O Bxc3 13. bxc3 O-O 14. Bb3
Bf7 15. Bd2 Re8 16. Rfe1 Qd7 17. Qb5 Nb6 18. Bf4 a6 19. Qh5 Bxb3 20. axb3 Qf7
21. Qxf7+ Kxf7 22. c4 Rxe1+ 23. Rxe1 Rc8 24. d5 Ne7 25. Nd4 Ng6 26. Bg3 Nd7 27.
Nf5 Kf8 28. d6 Nde5 29. h4 h5 30. f3 b6 31. Bxe5 fxe5 32. g4 cxd6 33. gxh5 Nf4
34. h6 gxh6 35. Nxh6 Ke7 36. Rd1 Ke6 37. Kf2 Rh8 38. Rxd6+ Kxd6 39. Nf7+ Ke7
40. Nxh8 Kf6 41. h5 Nxh5 42. Ke3 Ng3 43. b4 Nf5+ 44. Ke4 Ne7 45. f4 exf4 46.
Kxf4 a5 47. bxa5 bxa5 48. Ke4 Nc6 49. c5 a4 50. Kd3 Kg7 51. Kc3 Kxh8 52. Kb2
1/2-1/2

[Event "Outaouais-ch reserve"]
[Site "Gatineau CAN"]
[Date "2014.04.14"]
[Round "1"]
[White "Traversy, Pierre"]
[Black "Choiniere, Rene"]
[Result "0-1"]
[WhiteElo "1175"]
[BlackElo "1582"]
[PlyCount "66"]
[EventDate "2014.04.15"]
[EventType "swiss"]
[EventRounds "6"]
[EventCountry "CAN"]

1. e4 e6 2. d4 d5 3. e5 c5 4. Nf3 Nc6 5. Be3 cxd4 6. Nxd4 Nxe5 7. Nc3 Nf6 8.
Be2 Bb4 9. Bg5 h6 10. Bxf6 Qxf6 11. Ndb5 O-O 12. O-O a6 13. a3 Ba5 14. b4 Bb6
15. Nd4 Bxd4 16. Qd2 Bxc3 17. Qxc3 Nd7 18. Qd2 Qg5 19. f4 Qe7 20. Rac1 b5 21.
Bf3 Nb6 22. Be2 Bb7 23. Rb1 Nc4 24. Bxc4 dxc4 25. c3 Rfd8 26. Qe1 Rd3 27. Rc1
Rad8 28. Rf2 R8d6 29. Re2 Qd7 30. Qh4 Rd1+ 31. Re1 Rxc1 32. Rxc1 Rd2 33. g4 Qd5
0-1

[Event "Outaouais-ch reserve"]
[Site "Gatineau CAN"]
[Date "2014.04.22"]
[Round "2"]
[White "Legault, Stephane"]
[Black "Piche, Guy"]
[Result "1-0"]
[WhiteElo "1553"]
[BlackElo "1704"]
[PlyCount "91"]
[EventDate "2014.04.15"]
[EventType "swiss"]
[EventRounds "6"]
[EventCountry "CAN"]

1. e4 e5 2. f4 Bc5 3. Nf3 d6 4. c3 Nc6 5. Bb5 Bd7 6. Qe2 Qe7 7. Bxc6 Bxc6 8. d3
a5 9. f5 h6 10. Be3 Bxe3 11. Qxe3 Nf6 12. Nbd2 Ng4 13. Qe2 g6 14. h3 Nf6 15.
O-O Nh5 16. Qe3 gxf5 17. exf5 Ng3 18. Rfe1 Nxf5 19. Qf2 Ng7 20. d4 f6 21. Nh4
Qf7 22. c4 b6 23. d5 Bd7 24. Re3 f5 25. Ndf3 O-O-O 26. b4 axb4 27. Rb3 Nh5 28.
Rxb4 Nf4 29. Rd1 Rhg8 30. Kh2 Rg7 31. Nxe5 dxe5 32. d6 Rdg8 33. Qf3 c6 34. Qa3
Kd8 35. Qa8+ Bc8 36. d7 Qxd7 37. Rxd7+ Rxd7 38. Rb2 Nd3 39. Rd2 f4 40. Qxc6 Bb7
41. Qxb6+ Kc8 42. c5 Be4 43. Qe6 Rgd8 44. c6 Bxc6 45. Qxc6+ Rc7 46. Qa6+ 1-0

[Event "Outaouais-ch reserve"]
[Site "Gatineau CAN"]
[Date "2014.04.29"]
[Round "3"]
[White "Leon, Carlos Antonio"]
[Black "Guimond, Michel"]
[Result "1/2-1/2"]
[WhiteElo "1739"]
[BlackElo "1890"]
[PlyCount "149"]
[EventDate "2014.04.15"]
[EventType "swiss"]
[EventRounds "6"]
[EventCountry "CAN"]

1. c4 e5 2. g3 Nc6 3. Bg2 d6 4. Nc3 g6 5. e4 Bg7 6. Nge2 Be6 7. d3 Qd7 8. a3
Bh3 9. O-O h5 10. Nd5 O-O-O 11. f3 Bxg2 12. Kxg2 f5 13. Bg5 Rf8 14. Nec3 Nd8
15. Nb5 Ne6 16. Nxa7+ Kb8 17. Be3 f4 18. Nb5 fxe3 19. Qa4 Qxb5 20. cxb5 Nc5 21.
Qc2 Bh6 22. b4 Ne6 23. b6 c6 24. Nc7 Nxc7 25. bxc7+ Kxc7 26. Qa4 Nf6 27. Qa5+
Kd7 28. Qb6 Rb8 29. h3 Ke6 30. f4 h4 31. Qxe3 hxg3 32. f5+ gxf5 33. exf5+ Kd7
34. Qf3 Bf4 35. Ra2 Nd5 36. Re2 Rh4 37. d4 Rg8 38. b5 Bh6 39. bxc6+ bxc6 40.
Qb3 Rxd4 41. Qb7+ Nc7 42. f6 Bf4 43. Rc2 c5 44. Rb2 Rf8 45. Qf3 Rxf6 46. Qg4+
Kc6 47. Qc8 Rf7 48. Qb7+ Kd7 49. Qf3 e4 50. Qg4+ Ne6 51. Rb7+ Kc6 52. Rxf7 Rd2+
53. Kh1 Rh2+ 54. Kg1 Be3+ 55. R1f2 Rxf2 56. Rxf2 Bxf2+ 57. Kg2 Nd4 58. Qxe4+ d5
59. Qe8+ Kb6 60. Qg6+ Kb5 61. h4 Ka4 62. h5 Kxa3 63. h6 Nb3 64. h7 Bd4 65. Qxg3
c4 66. Qf3 c3 67. Qe2 Bh8 68. Qc2 d4 69. Kf2 d3 70. Qxd3 Kb2 71. Ke1 c2 72. Qe2
Kb1 73. Qd3 Kb2 74. Qe2 Kb1 75. Qd3 1/2-1/2

[Event "Outaouais-ch reserve"]
[Site "Gatineau CAN"]
[Date "2014.05.13"]
[Round "5"]
[White "Danilov, Alex"]
[Black "Danis, Jacques"]
[Result "1-0"]
[WhiteElo "1843"]
[BlackElo "1502"]
[PlyCount "109"]
[EventDate "2014.04.15"]
[EventType "swiss"]
[EventRounds "6"]
[EventCountry "CAN"]

1. Nf3 g6 2. c4 Bg7 3. Nc3 c5 4. g3 Nc6 5. Bg2 Nf6 6. O-O O-O 7. e3 d6 8. d3 a6
9. Nd2 Rb8 10. a3 Qc7 11. Qc2 Bd7 12. b3 Rfc8 13. Bb2 e6 14. Rae1 b5 15. Nce4
e5 16. Nxf6+ Bxf6 17. f4 Bg7 18. Ne4 f5 19. Ng5 Ne7 20. cxb5 axb5 21. a4 h6 22.
Nf3 Be6 23. e4 bxa4 24. bxa4 Rxb2 25. Qxb2 exf4 26. e5 dxe5 27. Nxe5 fxg3 28.
hxg3 Nd5 29. Qe2 Re8 30. Qb2 Bf7 31. Qb5 Bxe5 32. Bxd5 Bd4+ 33. Kh2 Rxe1 34.
Bxf7+ Kxf7 35. Rxe1 Be5 36. Re3 f4 37. Rf3 g5 38. Qc4+ Kg7 39. g4 Bd4 40. Qe6
Qb7 41. Qe2 Qc7 42. Kh1 Qd7 43. Rh3 Qb7+ 44. Kh2 Qc7 45. Kg2 Qb7+ 46. Rf3 Qd7
47. Rf1 Qb7+ 48. Kh3 Qd7 49. Rb1 h5 50. a5 hxg4+ 51. Qxg4 Qe7 52. Kg2 Bc3 53.
Qf3 Bb4 54. a6 Kf6 55. Qc6+ 1-0

[Event "Outaouais-ch reserve"]
[Site "Gatineau CAN"]
[Date "2014.05.13"]
[Round "5"]
[White "Laferriere, Bruno"]
[Black "Leon, Carlos Antonio"]
[Result "0-1"]
[WhiteElo "1836"]
[BlackElo "1739"]
[PlyCount "140"]
[EventDate "2014.04.15"]
[EventType "swiss"]
[EventRounds "6"]
[EventCountry "CAN"]

1. d4 Nf6 2. c4 e6 3. Nc3 Bb4 4. Qc2 O-O 5. Bg5 h6 6. Bh4 c5 7. e3 cxd4 8. exd4
b6 9. Be2 Bb7 10. Bf3 d5 11. h3 Nc6 12. Nge2 dxc4 13. O-O Be7 14. Qa4 Rc8 15.
Rfd1 a6 16. Qxc4 g5 17. Bg3 Nb4 18. Qb3 Bxf3 19. gxf3 Nbd5 20. Nxd5 Nxd5 21. f4
Kg7 22. a3 Bd6 23. fxg5 hxg5 24. Rac1 Rxc1 25. Rxc1 Rh8 26. Rc6 Bf4 27. Kg2 Qd7
28. Rc2 e5 29. Bxf4 exf4 30. Qf3 Ne7 31. Qg4 Qd5+ 32. Kh2 Rh4 33. Nxf4 Qd6 34.
Qxg5+ Ng6 35. Rc6 Qxf4+ 36. Qxf4 Rxf4 37. Kg3 Rf6 38. Rxf6 Kxf6 39. Kg4 Ne7 40.
Kf4 Nd5+ 41. Ke4 Ke6 42. h4 f5+ 43. Kf3 b5 44. b4 Kf6 45. Kg2 Kg6 46. Kg3 Kh5
47. Kh3 f4 48. Kg2 Kxh4 49. Kf3 Kg5 50. Ke4 Nc3+ 51. Ke5 Kg4 52. d5 Nxd5 53.
Kxd5 Kf3 54. Kc5 Kxf2 55. Kb6 Ke2 56. Kxa6 f3 57. Kxb5 f2 58. a4 f1=Q 59. a5
Ke3+ 60. Kb6 Qf6+ 61. Kb5 Qe5+ 62. Kc6 Qe6+ 63. Kb5 Qd7+ 64. Kb6 Qa4 65. b5
Qd4+ 66. Ka6 Qc4 67. Kb6 Kd4 68. a6 Qc5+ 69. Kb7 Qxb5+ 70. Ka7 Kc5 0-1

[Event "Outaouais-ch reserve"]
[Site "Gatineau CAN"]
[Date "2014.05.16"]
[Round "6"]
[White "Labelle, Raymond"]
[Black "Jobin, Gilles G"]
[Result "0-1"]
[WhiteElo "1303"]
[BlackElo "1759"]
[PlyCount "88"]
[EventDate "2014.04.15"]
[EventType "swiss"]
[EventRounds "6"]
[EventCountry "CAN"]

1. e4 d6 2. d4 Nf6 3. Nc3 c6 4. Nf3 Bg4 5. Be2 Nbd7 6. Ng5 Bxe2 7. Qxe2 e5 8.
Qc4 Qe7 9. d5 Nb6 10. Qb3 h6 11. Nf3 Qc7 12. dxc6 bxc6 13. Be3 Ng4 14. Bd2 Be7
15. h3 Nf6 16. O-O O-O 17. Rfe1 Rfb8 18. a4 Rb7 19. Nd1 Nbd7 20. Qe3 Nc5 21.
Nh4 Ncxe4 22. Nf5 Bf8 23. Bc1 Kh7 24. Qd3 Nc5 25. Qg3 Qd7 26. Nde3 Nfe4 27. Qf3
g6 28. Nh4 Ng5 29. Qe2 Nge6 30. b3 Be7 31. Nf3 Ng5 32. Nd2 Nge4 33. Ndc4 Qe6
34. Bb2 f6 35. Na5 Rc7 36. b4 Nb7 37. Nb3 d5 38. c3 Nbd6 39. Nc5 Nxc5 40. bxc5
Ne4 41. Ng4 Bxc5 42. Kh1 h5 43. Nh2 Qf5 44. f3 Ng3# 0-1

[Event "Pere Noel"]
[Site "Montreal CAN"]
[Date "2014.12.26"]
[Round "1"]
[White "Dia, Jack"]
[Black "Voskanyan, Vahagn"]
[Result "1/2-1/2"]
[WhiteElo "1882"]
[BlackElo "2245"]
[PlyCount "103"]
[EventDate "2014.12.26"]
[EventType "swiss"]
[EventRounds "5"]
[EventCountry "CAN"]

1. Nf3 d5 2. d4 c5 3. c4 dxc4 4. a4 cxd4 5. Qxd4 Qxd4 6. Nxd4 e5 7. Nb5 Na6 8.
e3 Be6 9. N1a3 Bb4+ 10. Bd2 Bxd2+ 11. Kxd2 O-O-O+ 12. Ke1 Kb8 13. Bxc4 Bd5 14.
Bxd5 Rxd5 15. e4 Rd7 16. Rd1 Rxd1+ 17. Kxd1 Nc5 18. Nc3 Ne7 19. Ke2 Nc6 20. Rd1
Nd4+ 21. Ke3 Nce6 22. Nab5 Rd8 23. f3 a6 24. Na3 Rc8 25. Rd2 Rc5 26. Nc2 Nxc2+
27. Rxc2 b5 28. axb5 axb5 29. Rd2 Kc7 30. Nd5+ Kb7 31. b4 Rc4 32. g3 Nd4 33.
Kf2 Nc6 34. Rb2 f6 35. Kg2 Nd4 36. Kf2 Rc1 37. Kg2 Rd1 38. Ne3 Rd3 39. Kf2 Rc3
40. Rb1 Ra3 41. Rb2 Rd3 42. f4 Nc6 43. Nd5 Ra3 44. Kg2 Ra1 45. Nc3 exf4 46.
gxf4 Nd4 47. e5 fxe5 48. fxe5 Rc1 49. Rd2 Rxc3 50. Rxd4 Kc6 51. Rd6+ Kc7 52.
Rd5 1/2-1/2

[Event "Pere Noel"]
[Site "Montreal CAN"]
[Date "2014.12.26"]
[Round "1"]
[White "Gachet, Sebastien"]
[Black "Gunapalan, David"]
[Result "1-0"]
[WhiteElo "2293"]
[BlackElo "1887"]
[PlyCount "85"]
[EventDate "2014.12.26"]
[EventType "swiss"]
[EventRounds "5"]
[EventCountry "CAN"]

1. e4 c5 2. Nf3 d6 3. d4 cxd4 4. Nxd4 Nf6 5. Nc3 g6 6. g3 Bg7 7. Bg2 Nc6 8.
Nxc6 bxc6 9. e5 Nd5 10. Nxd5 cxd5 11. Qxd5 Rb8 12. exd6 O-O 13. O-O exd6 14. c3
Be6 15. Qd3 Qb6 16. b3 Rfc8 17. Be3 Qa5 18. Bd4 Bxd4 19. cxd4 Qc3 20. Qa6 Qc7
21. h4 h5 22. Kh2 Rb4 23. Rac1 Qxc1 24. Rxc1 Rxc1 25. Qxd6 Rb5 26. d5 Bf5 27.
Qe7 a6 28. Qa3 Rbc5 29. Qxa6 R5c2 30. Qa7 Ra1 31. Qb8+ Kh7 32. Qf8 Raxa2 33.
Qxf7+ Kh8 34. g4 hxg4 35. Qe8+ Kg7 36. Qe7+ Kh8 37. Qe5+ Kh7 38. Qe7+ Kh8 39.
Bf1 Rxf2+ 40. Kg1 Rfd2 41. h5 Ra8 42. h6 Rg8 43. Qe3 1-0

[Event "Pere Noel"]
[Site "Montreal CAN"]
[Date "2014.12.26"]
[Round "1"]
[White "Gauthier, Denis"]
[Black "Struben, Jeroen"]
[Result "1-0"]
[WhiteElo "1954"]
[BlackElo "1719"]
[PlyCount "80"]
[EventDate "2014.12.26"]
[EventType "swiss"]
[EventRounds "5"]
[EventCountry "CAN"]

1. d4 Nf6 2. c4 c5 3. d5 d6 4. Nc3 g6 5. e4 Bg7 6. Nf3 O-O 7. h3 Na6 8. Bd3 Nc7
9. O-O a6 10. a4 b6 11. Bg5 Rb8 12. Re1 e5 13. dxe6 Nxe6 14. Bh4 Nf4 15. Bf1
Qc7 16. Qd2 N6h5 17. g4 d5 18. gxh5 d4 19. Nd5 Nxd5 20. exd5 Rb7 21. h6 Bh8 22.
Re7 Qd6 23. Rxb7 Bxb7 24. Re1 Bf6 25. Bg3 Qd7 26. Qf4 Bh8 27. Ne5 Qe7 28. Nd3
Qf6 29. Qxf6 Bxf6 30. Be5 Bg5 31. Bg7 Rd8 32. Bg2 Bc8 33. a5 Bf5 34. Be4 Bd2
35. Re2 Bxe4 36. Rxe4 f5 37. Re7 bxa5 38. Nxc5 Bb4 39. Bxd4 Rc8 40. Rg7+ Kf8
1-0

[Event "Pere Noel"]
[Site "Montreal CAN"]
[Date "2014.12.26"]
[Round "1"]
[White "Giroux, Robert"]
[Black "Durette, Francis"]
[Result "1-0"]
[WhiteElo "1993"]
[BlackElo "1750"]
[PlyCount "129"]
[EventDate "2014.12.26"]
[EventType "swiss"]
[EventRounds "5"]
[EventCountry "CAN"]

1. d4 Nf6 2. c4 e6 3. Nc3 d5 4. cxd5 exd5 5. Bg5 Be7 6. e3 g6 7. Bd3 O-O 8.
Nge2 c6 9. Qc2 Nbd7 10. h3 Re8 11. O-O Nf8 12. Rae1 Ne6 13. Bh4 Ng7 14. f3 Nf5
15. Bf2 Be6 16. e4 dxe4 17. fxe4 Ng7 18. Rd1 Qc8 19. Nf4 Nfh5 20. Nxe6 Nxe6 21.
Be3 Nf6 22. Qf2 Rf8 23. d5 cxd5 24. exd5 Nc5 25. d6 Nxd3 26. Rxd3 Bd8 27. Kh1
Qe6 28. Bh6 Re8 29. Re3 Qd7 30. Rf3 Bb6 31. Qh4 Nh5 32. Nd5 Qxd6 33. Nxb6 axb6
34. g4 Ng7 35. Bxg7 Re2 36. R1f2 Rxf2 37. Qxf2 Kxg7 38. Rxf7+ Kg8 39. Rf6 Qd5+
40. Qg2 Qd1+ 41. Kh2 Re8 42. Rf1 Qd3 43. Rf3 Qc4 44. Rf2 Qc7+ 45. Qg3 Qxg3+ 46.
Kxg3 Re3+ 47. Rf3 Rxf3+ 48. Kxf3 Kf7 49. Kf4 h6 50. Ke5 g5 51. Kd6 Kf6 52. a4
h5 53. b4 h4 54. b5 Kf7 55. Kc7 Kf6 56. Kxb7 Ke5 57. Kxb6 Kf4 58. Kc5 Kg3 59.
b6 Kxh3 60. b7 Kxg4 61. b8=Q h3 62. a5 Kf3 63. a6 Kg2 64. a7 h2 65. a8=Q+ 1-0

[Event "Pere Noel"]
[Site "Montreal CAN"]
[Date "2014.12.26"]
[Round "1"]
[White "Goldner, John"]
[Black "Nunez, Omar"]
[Result "1/2-1/2"]
[WhiteElo "1782"]
[BlackElo "2034"]
[PlyCount "83"]
[EventDate "2014.12.26"]
[EventType "swiss"]
[EventRounds "5"]
[EventCountry "CAN"]

1. e4 d5 2. exd5 Qxd5 3. Nc3 Qa5 4. d4 Nf6 5. Bd2 Bg4 6. Be2 Bxe2 7. Qxe2 c6 8.
Nf3 Nbd7 9. O-O e6 10. Rfe1 Bd6 11. Ne4 Qc7 12. Nxd6+ Qxd6 13. c4 O-O 14. a3
Rfe8 15. Rad1 b5 16. Bb4 Qb8 17. Ne5 Qb7 18. Qf3 Rac8 19. g4 Nxe5 20. dxe5 Nd7
21. cxb5 Nb8 22. bxc6 Nxc6 23. Bc3 Qb5 24. Qd3 Qa4 25. Re4 Qb3 26. Qf3 Red8 27.
Rxd8+ Rxd8 28. Rf4 Rd1+ 29. Kg2 Nd8 30. Qxd1 Qxd1 31. Rd4 Qxd4 32. Bxd4 Nc6 33.
Bc3 Kf8 34. b4 a6 35. a4 Ke8 36. f4 Kd7 37. Kf3 Ne7 38. Ke4 Kc6 39. h3 Nd5 40.
Bd2 Nb6 41. b5+ axb5 42. axb5+ 1/2-1/2

[Event "Pere Noel"]
[Site "Montreal CAN"]
[Date "2014.12.26"]
[Round "1"]
[White "Larochelle, Martial"]
[Black "Destree, Frederic"]
[Result "1-0"]
[WhiteElo "2173"]
[BlackElo "1879"]
[PlyCount "47"]
[EventDate "2014.12.26"]
[EventType "swiss"]
[EventRounds "5"]
[EventCountry "CAN"]

1. d4 Nf6 2. c4 g6 3. Nc3 Bg7 4. e4 d6 5. Be2 O-O 6. Bg5 h6 7. Bf4 c5 8. d5 e6
9. dxe6 Bxe6 10. Qd2 Kh7 11. Nf3 Nc6 12. O-O Qa5 13. h3 Rfd8 14. Rad1 Qb4 15.
Qc2 Bxc4 16. Bxd6 Bxe2 17. Qxe2 Nxe4 18. Nxe4 Re8 19. Nfg5+ hxg5 20. Nxg5+ Kg8
21. Qf3 Qxb2 22. Qxf7+ Kh8 23. Qxg6 Kg8 24. Qh7# 1-0

[Event "Pere Noel"]
[Site "Montreal CAN"]
[Date "2014.12.26"]
[Round "1"]
[White "Li, Yi Lin"]
[Black "Abreu Cordero, Jose"]
[Result "1/2-1/2"]
[WhiteElo "1830"]
[BlackElo "2102"]
[PlyCount "157"]
[EventDate "2014.12.26"]
[EventType "swiss"]
[EventRounds "5"]
[EventCountry "CAN"]

1. e4 c5 2. Nf3 d6 3. d4 cxd4 4. Nxd4 Nf6 5. Nc3 g6 6. Be3 Bg7 7. Be2 a6 8. a4
Nc6 9. O-O Qc7 10. Nd5 Nxd5 11. exd5 Ne5 12. Qd2 O-O 13. f4 Nd7 14. f5 Nf6 15.
fxg6 hxg6 16. Bf3 Bd7 17. Rfe1 Rfe8 18. c3 Rac8 19. a5 Qc4 20. Ne2 Bf5 21. Ng3
Bg4 22. Bxg4 Nxg4 23. Bb6 Nf6 24. Rad1 Qg4 25. Kh1 Qh4 26. Kg1 Ng4 27. Nf1 Ne5
28. Ne3 Qg5 29. Qf2 f5 30. Nc2 Ng4 31. Qd2 Qxd2 32. Rxd2 Rc4 33. Ne3 Nxe3 34.
Bxe3 Be5 35. g3 Kf7 36. Kf2 Rh8 37. Kf3 Ra4 38. Bb6 g5 39. Rc2 g4+ 40. Kg2 Rc4
41. Rec1 f4 42. b3 Re4 43. Bf2 e6 44. dxe6+ Kxe6 45. gxf4 Bxf4 46. Rh1 Rh3 47.
Bd4 Kd5 48. Rf2 Kc6 49. Rc2 d5 50. Rb2 Bc7 51. Ra2 Re7 52. Raa1 Reh7 53. Raf1
Rxh2+ 54. Rxh2 Rxh2+ 55. Kg1 Rh6 56. b4 Kb5 57. Rf7 Rc6 58. Rg7 g3 59. Kf1 Kc4
60. Ke2 Re6+ 61. Kf3 Rc6 62. Ke2 Kb3 63. Kd3 Rc4 64. Rg5 Rc6 65. Rg7 Ka2 66.
Kc2 Ka3 67. Kd3 Ka4 68. Ke3 Ka3 69. Ke2 b6 70. axb6 Bxb6 71. Bxb6 Rxb6 72. Rxg3
Kb3 73. Kd3 Rc6 74. Kd4 Rc4+ 75. Kxd5 Rxc3 76. Rxc3+ Kxc3 77. Kc5 Kb3 78. Kb6
Kxb4 79. Kxa6 1/2-1/2

[Event "Pere Noel"]
[Site "Montreal CAN"]
[Date "2014.12.26"]
[Round "1"]
[White "Masse, Hugues"]
[Black "Weston, Paul"]
[Result "1-0"]
[WhiteElo "2315"]
[BlackElo "1909"]
[PlyCount "99"]
[EventDate "2014.12.26"]
[EventType "swiss"]
[EventRounds "5"]
[EventCountry "CAN"]

1. d4 d5 2. c4 e6 3. Nf3 Nf6 4. g3 dxc4 5. Bg2 c5 6. O-O Be7 7. Qa4+ Nbd7 8.
Qxc4 O-O 9. Nc3 a6 10. Qd3 cxd4 11. Qxd4 Bc5 12. Qh4 Re8 13. b3 Nf8 14. Bb2 Qe7
15. Ne5 Rb8 16. Rac1 Ng6 17. Nxg6 hxg6 18. Rfd1 Bd7 19. Ne4 Nxe4 20. Qxe4 Bb6
21. Be5 Bc6 22. Rxc6 bxc6 23. Bxb8 Rxb8 24. Qxc6 Qc5 25. Qxc5 Bxc5 26. e3 a5
27. Bc6 g5 28. Kf1 g6 29. Ke2 Bb4 30. Be4 Kg7 31. Rh1 Rd8 32. Bd3 e5 33. f3 f5
34. h3 e4 35. fxe4 fxe4 36. Bxe4 Rd2+ 37. Kf3 Rxa2 38. Rc1 Rd2 39. Rc7+ Kf6 40.
Rc8 Rd7 41. Kg4 Re7 42. Rc6+ Ke5 43. Bg2 Be1 44. Rxg6 Re6 45. Rxg5+ Kf6 46.
Rf5+ Kg6 47. e4 Rc6 48. Rf3 Rc2 49. Bf1 Rh2 50. e5 1-0

[Event "Pere Noel"]
[Site "Montreal CAN"]
[Date "2014.12.26"]
[Round "1"]
[White "Perna-Fraser, David"]
[Black "Yu, Zong Yang"]
[Result "1/2-1/2"]
[WhiteElo "1909"]
[BlackElo "2360"]
[PlyCount "82"]
[EventDate "2014.12.26"]
[EventType "swiss"]
[EventRounds "5"]
[EventCountry "CAN"]

1. e4 c5 2. Nf3 d6 3. d4 cxd4 4. Nxd4 Nf6 5. Nc3 Nc6 6. f3 g6 7. Be3 Bg7 8. Qd2
O-O 9. g4 Bxg4 10. fxg4 Nxg4 11. Bg1 Nxd4 12. Bxd4 Bxd4 13. Qxd4 Rc8 14. O-O-O
Rc5 15. h3 Ne5 16. Qxc5 dxc5 17. Rxd8 Rxd8 18. Be2 Kg7 19. Rd1 Rd4 20. Rxd4
cxd4 21. Nb5 Nc6 22. c3 dxc3 23. Nxc3 Kf6 24. Kd2 Ke5 25. Ke3 e6 26. Nd1 Nd4
27. Nf2 Nxe2 28. Nd3+ Kd6 29. Kxe2 a5 30. Ke3 e5 31. a3 a4 32. Nf2 h5 33. h4 f6
34. Nd3 b6 35. Nb4 g5 36. hxg5 fxg5 37. Nd3 Ke6 38. Kf3 Kf6 39. Kg3 Ke6 40. Kf3
Kd6 41. Kg3 Ke6 1/2-1/2

[Event "Pere Noel"]
[Site "Montreal CAN"]
[Date "2014.12.26"]
[Round "1"]
[White "Prahov, Valentin"]
[Black "Steinberg, Ellis"]
[Result "1/2-1/2"]
[WhiteElo "2243"]
[BlackElo "1882"]
[PlyCount "36"]
[EventDate "2014.12.26"]
[EventType "swiss"]
[EventRounds "5"]
[EventCountry "CAN"]

1. e4 g6 2. d4 Bg7 3. Nc3 c6 4. Be3 d6 5. Qd2 b5 6. O-O-O Qa5 7. a3 Nd7 8. f4
Rb8 9. Na2 Qxd2+ 10. Rxd2 Ngf6 11. e5 Nd5 12. Re2 Nxe3 13. Rxe3 dxe5 14. dxe5
Bh6 15. Nh3 Nxe5 16. Rxe5 Bxh3 17. g3 Bxf1 18. Rxf1 Rd8 1/2-1/2

[Event "Pere Noel"]
[Site "Montreal CAN"]
[Date "2014.12.26"]
[Round "1"]
[White "Simard, Francois"]
[Black "Clyde, Jordan"]
[Result "0-1"]
[WhiteElo "1872"]
[BlackElo "2130"]
[PlyCount "60"]
[EventDate "2014.12.26"]
[EventType "swiss"]
[EventRounds "5"]
[EventCountry "CAN"]

1. d4 d6 2. Nf3 g6 3. Bg5 Bg7 4. Qd2 c5 5. c3 Qb6 6. e4 Nc6 7. d5 Nd8 8. Na3 a6
9. h3 Qc7 10. Bd3 b5 11. Rc1 Rb8 12. O-O e5 13. Nh4 h6 14. Be3 Qe7 15. Nf3 f5
16. Qe2 f4 17. Bd2 Nf7 18. Kh2 Nf6 19. b4 c4 20. Bc2 g5 21. Nb1 h5 22. a4 h4
23. Ng1 g4 24. f3 gxh3 25. Nxh3 Nh5 26. Qf2 Ng3 27. Rfe1 Ng5 28. Nxg5 Qxg5 29.
Qa7 h3 30. Qxb8 Nf1+ 0-1

[Event "Pere Noel"]
[Site "Montreal CAN"]
[Date "2014.12.26"]
[Round "1"]
[White "Sprumont, Oscar"]
[Black "Brassard, Sylvain"]
[Result "1-0"]
[WhiteElo "2084"]
[BlackElo "1800"]
[PlyCount "69"]
[EventDate "2014.12.26"]
[EventType "swiss"]
[EventRounds "5"]
[EventCountry "CAN"]

1. Nf3 d5 2. c4 e6 3. g3 Nf6 4. Bg2 c6 5. b3 Be7 6. O-O O-O 7. Bb2 Nbd7 8. d3
b6 9. Nbd2 Bb7 10. e4 dxe4 11. dxe4 c5 12. Qe2 Qc7 13. e5 Ng4 14. h3 Nh6 15.
Ne4 Nf5 16. g4 Nd4 17. Nxd4 cxd4 18. f4 Bc5 19. Qd3 Rfd8 20. Rad1 Nf8 21. Kh1
Rd7 22. Qg3 Ng6 23. Rd3 Rad8 24. h4 Be7 25. g5 Bc5 26. h5 Ne7 27. Nf6+ Kh8 28.
Nxd7 Nf5 29. Qh3 Bxg2+ 30. Qxg2 Rxd7 31. Rfd1 Kg8 32. Re1 Ne3 33. Rexe3 dxe3
34. Qa8+ Bf8 35. Ba3 1-0

[Event "Pere Noel"]
[Site "Montreal CAN"]
[Date "2014.12.26"]
[Round "1"]
[White "Villeneuve, Benoit"]
[Black "Caceres Cortes, Julio"]
[Result "0-1"]
[WhiteElo "1726"]
[BlackElo "1961"]
[PlyCount "50"]
[EventDate "2014.12.26"]
[EventType "swiss"]
[EventRounds "5"]
[EventCountry "CAN"]

1. e4 e5 2. Nf3 Nc6 3. Bb5 a6 4. Ba4 Nf6 5. O-O b5 6. Bb3 Be7 7. Re1 O-O 8. c3
d5 9. exd5 Nxd5 10. Nxe5 Nxe5 11. Rxe5 Bb7 12. d4 Qd7 13. Nd2 Nf4 14. Nf3 Nxg2
15. Ne1 Nxe1 16. Rxe1 Qh3 17. d5 Bd6 18. f4 Rae8 19. Rf1 Bc5+ 20. Kh1 Re6 21.
Bd2 Rfe8 22. Qf3 Qh4 23. Qg3 Qxg3 24. hxg3 Rh6+ 25. Kg2 Re2+ 0-1

[Event "Pere Noel"]
[Site "Montreal CAN"]
[Date "2014.12.26"]
[Round "1"]
[White "Yao, Sammy"]
[Black "Zhu, Hong Rui"]
[Result "0-1"]
[WhiteElo "1882"]
[BlackElo "2174"]
[PlyCount "94"]
[EventDate "2014.12.26"]
[EventType "swiss"]
[EventRounds "5"]
[EventCountry "CAN"]

1. e4 c5 2. Nf3 d6 3. d4 cxd4 4. Nxd4 Nf6 5. Nc3 g6 6. Be3 Bg7 7. f3 Nc6 8. Qd2
O-O 9. Bc4 Bd7 10. O-O-O Rc8 11. Bb3 Nxd4 12. Bxd4 b5 13. Kb1 a5 14. a4 b4 15.
Nd5 Nxd5 16. Bxg7 Kxg7 17. Qxd5 Rc5 18. Qd4+ f6 19. g4 Qe8 20. h4 Bxa4 21. g5
Bxb3 22. gxf6+ Rxf6 23. cxb3 Qf7 24. Rd3 Kg8 25. Qe3 Rf4 26. Qe2 h5 27. Qg2 Qf6
28. Qg3 Kh7 29. Re3 Rc8 30. Rg1 Kh6 31. e5 Qf5+ 32. Ka2 d5 33. e6 d4 34. Re5
Rxf3 35. Qg5+ Qxg5 36. hxg5+ Kg7 37. Rxa5 Re3 38. Rd5 d3 39. Rf1 Rxe6 40. Rxd3
Rf8 41. Rc1 Rf5 42. Rd4 Ra5+ 43. Kb1 Rxg5 44. Rxb4 Rg2 45. Rbc4 Ree2 46. R1c2
Rxc2 47. Rxc2 Rxc2 0-1